000 00442nam a22001817a 4500
003 NUST - PNEC
005 20170116180750.0
008 150309b xxu||||| |||| 00| 0 eng d
020 _a9789699807038
040 _cLIBRARY
082 _a297 ABU
100 _91644
_aAbu Yahya
245 _aBus yahi dil
_cAbu Yahya
260 _bAndaz Publishers,
300 _a256 p. :
_c22 cm.
650 _91646
_aLiterature
_xGeneral
942 _2ddc
_cBK
999 _c62514
_d62514